Дело о происшествиях по Ярославской губернии

Доступно только в Электронных читальных залах Найти на картеНа карте
RUSMARC
00003688nmc2a22000003x 450
001b8bd6851-dc7c-4411-8cc9-b4128d6b0863
00520210406221528.0
100##$a20190219l18681868k l0rusy0189 ca
1010#$arus
102##$aRU
2001#$aДело о происшествиях по Ярославской губернии
$j23 февраля - 12 ноября 1868 г.
$hЧасть 2
251##$cДело
300##$aДело
801#0$aRU
$bРГИА
$c20190219
$gRCR
801#1$aRU
$bГлавНИВЦ
$c20190219
$2rusmarc
801#2$aRU
$bПБ им. Б.Н. Ельцина
$c20210406
$gRCR
$2rusmarc
850##$aРГИА
852##$aРГИА
$eФедеральное казенное учреждение "Российский государственный исторический архив" (РГИА)
$j219
937##$hРГИА
$d12297193
$aASBIBLIO_SCAN
462#0$100118b3a747-2e83-46e8-b669-f4023328804a
$12001
$aДела Департамента полиции исполнительной МВД за 1868 год
$1251
$cОпись
$1852
$j29
$l1868 г.
461#0$10013e300ed0-cd39-49af-8489-5ba5b90fa401
$12001
$aДепартамент полиции исполнительной МВД
$1251
$cФонд
$1852
$j1286
215##$a34 л.
$d36,5х26 см
371##$aДокумент не является опубликованным и широко распространяемым
105##$ay###
1222#$ad
035##$ab8bd6851-dc7c-4411-8cc9-b4128d6b0863
856##$uhttp://readingroom.main.prlib.ru/item.aspx?id_node=n161349200&mode=full
Формат отображения